000 00527nmm a2200193Ia 4500
008 251105s9999||||xx |||||||||||||||||und||
020 _a9788417860745
041 _aspa
100 _aFo, Dario
245 0 _aBarbarroja y la burla de Alessandria
264 _a[Madrid, España] :
_bSiruela,
_c2019
300 _a152 páginas
490 _aNuevos tiempos
650 _aAges 9-12 Years Old
700 _aFo, Dario
700 1 _a Gumpert, Carlos
856 _uhttps://public.digitaliapublishing.com/a/68542
942 _cCF
999 _c65547
_d65547